日本の路面電車が走る町 - Statistics

General Stats
  • This quiz has been taken 313 times
    110 since last reset
  • The average score is 15 of 18
Answer Stats
Answer % Correct
広島
95%
東京
94%
札幌
93%
鹿児島
91%
富山
90%
長崎
89%
熊本
89%
函館
86%
岡山
86%
松山
84%
京都
83%
高知
83%
大阪
82%
福井
78%
豊橋
76%
72%
高岡
70%
大津
67%
No matching quizzes found
Score Distribution
Percent of People with Each Score
Percentile by Number Answered
Your Score History
You have not taken this quiz since the last reset